01468cam a22003251a 4500001001300000003000400013005001700017008004100034010001700075035001900092040002500111042001200136050002400148070002200172072000900194100004800203245019000251260004400441300003900485440004900524500003500573500011000608500007600718501023200794504002501026500002001051650002301071650001401094650003401108gs 57000196 DLC20260227111405.0800822s1957 dcuab b f001 0 eng  ags 57000196  a(OCoLC)6646323 aDLCcInESdDNALdDLC apremarc00aTC801b.U2 no. 14110 a407bG29W no.1411 0aP2001 aWalker, Eugene H.q(Eugene Hoffman),d1915-14aThe deep channel and alluvial deposits of the Ohio Valley in Kentucky /cby Eugene H. Walker ; prepared in cooperation with the Agriculture and Industrial Development Board of Kentucky. aWashington, D.C. :bU.S. G.P.O.,c1957. aiii, 25 p. :bill., maps ;c23 cm. 0aGeological Survey water-supply paper ;v1411 aSeven folded leaves in pocket. a"A compilation of information on the deposits that form one of the most productive aquifers in Kentucky." ano. 1410-1413 Supplemented by : 15 folded maps and plates in portfolio. aTC801 .U2 no. 1411 with : Geology and ground-water resources of the lower Lodgepole Creek drainage basin, Nebraska / Louis J. Bjorklund. Washington : U. S. Govt. Print. Off., 1957. Bound together subsequent to publication.5DLC aBibliography: p. 24. aIncludes index. 0aGeologyzKentucky. 0aAlluvium. 0aSedimentation and deposition.